What's in store? (Record no. 121109)

MARC details
000 -LEADER
fixed length control field 00831nam a22001697a 4500
008 - FIXED-LENGTH DATA ELEMENTS--GENERAL INFORMATION
fixed length control field 160218b2019 xxu||||| |||| 00| 0 eng d
041 ## - LANGUAGE CODE
Language code of text/sound track or separate title eng
100 ## - MAIN ENTRY--PERSONAL NAME
Personal author McDonald, Rebecca
245 ## - TITLE STATEMENT
Title What's in store?
Subtitle How and why cities differ for consumers
260 ## - PUBLICATION INFORMATION
Publisher Centre for Cities
Date 2019
300 ## - PHYSICAL DESCRIPTION
Physical description 44p
520 ## - ABSTRACT
Abstract Reports on the findings of research carried out by Centre for Cities in conjunction with Nationwide Building Society looking at ways to generate the high street stresses the importance of attracting highly skilled workers into the cities and towns rather than direct measures such as business rate reductions and online sales taxes. Compares towns and cities highlighting reasons for success and failure.
651 ## - SUBJECT ADDED ENTRY--GEOGRAPHIC NAME
Geographic name United Kingdom 1973
700 ## - ADDED PERSONAL NAME
Added personal author Ramuni, Lahari
700 ## - ADDED PERSONAL NAME
Added personal author Tan, Lizzy
942 ## - ADDED ENTRY ELEMENTS (KOHA)
Suppress in OPAC Do not suppress in OPAC

No items available.